Los domínicos en Chile: breve resumen de los hechos históricos, personajes, etc

Збережено в:
Бібліографічні деталі
Автор: Ramírez, Ramón (Автор)
Формат: Книга
Мова:Іспанська
Опубліковано: Santiago, Chile s.n 1976
Предмети:
Теги: Додати тег
Немає тегів, Будьте першим, хто поставить тег для цього запису!

MARC

LEADER 00000nam a2200000 a 4500
001 UCP4914
003 CL-VaPUC
005 20241126101312.0
008 990821e19760000cl |||||||||||||||||spa|d
999 |c 282804  |d 282802 
040 |c Pontificia Universidad Católica de Valparaíso 
082 0 4 |a 271.2 RAM 1976  |2 21 
100 0 |a Ramírez, Ramón  |e author  |9 432932 
245 1 4 |a Los domínicos en Chile:  |b  breve resumen de los hechos históricos, personajes, etc 
260 |a Santiago, Chile  |b s.n  |c 1976 
300 |a 53 páginas 
583 |a last modification  |c 20180103 06:33:22  |k Rodrigo Vera 
650 0 |a Dominicos   |z CHILE  |9 396264 
650 0 |a Órdenes religiosas  |z CHILE  |9 257499 
650 7 |a FRAILES  |2 CL-VaPUC  |9 432933  |z CHILE 
650 7 |a HISTORIA ECLESIASTICA  |2 CL-VaPUC  |9 432934  |z CHILE 
650 0 |a Historia de Chile  |9 265473 
852 |a BIBCUR 
942 |c BK  |2 ddc 
945 |d 19990821 00:00:00  |a crobeson 
952 |0 0  |1 0  |2 ddc  |4 0  |6 271_200000000000000_RAM_1976  |7 0  |8 A  |9 325221  |a BIBHIS  |b BIBHIS  |d 2019-11-20  |i 1356224  |l 1  |o 271.2 RAM 1976  |p 1356224  |r 2025-01-20  |s 2022-08-25  |t 1  |w 2019-11-20  |y BK  |k HIS